10 najstarszych miast w Polsce - Statystyki

Ogólne statystyki
  • Ten quiz został rozwiązany 35 razy
  • Średni wynik to 3 z 10
Statystyki odpowiedzi
Prawa miejskie Miasto % Poprawnych
przed 1211 Złotoryja
75%
przed 1217 Opole
39%
1223 Nysa
29%
ok. 1217 Racibórz
25%
przed 1217 Lwówek Śląski
21%
przed 1223 Cieszyn
18%
przed 1223 Środa Śląska
18%
1217 Leśnica
14%
1221 Sobótka
7%
1223 Ujazd
7%
Nie znaleziono quizów pasujących do podanych kryteriów
Rozkład punktacji
Procent ludzi z każdym wynikiem
Percentyl według liczby udzielonych odpowiedzi
Twoja historia wyników
Nie rozwiązałeś tego quizu